| 000 | 00760nas a2200253 454500 | ||
|---|---|---|---|
| 001 | IICA0600444 | ||
| 003 | BR-BrBNA | ||
| 005 | 20260323111525.0 | ||
| 007 | ta | ||
| 008 | 260323b bl.|||p| |||| 00| 00por d | ||
| 040 |
_aBR-BrBNA _bpor _cBiblioteca Nacional de Agricultura |
||
| 041 | _a(Es) | ||
| 072 | _aF01 | ||
| 100 | 1 | _aAlba, J.de. | |
| 100 | 1 | _aBasadre, J.C. | |
| 100 | 1 | _aMason, D.D. | |
| 245 | 1 | _aRendimento del pasto imperial (Axonopus scoparius (Flugge)Hitch), bajo fertilizacion quimica organica | |
| 300 | _av. 6 (4) p. 89-95 | ||
| 650 | _aPASTAGEM | ||
| 650 | _aRENDIMENTO | ||
| 773 | 0 |
_tTURRIALBA (IICA) _X0041-4360 _g(Oct-Dec 1956), v. 6 (4) p. 89-95 _wIICA0600444 |
|
| 909 |
_a202603 _bLúcia _c55 _dLúcia Elande |
||
| 942 |
_2IICA _n0 _cANA |
||
| 999 |
_c340695 _d340695 |
||